000 00425nam a2200157Ia 4500
003 GCL
008 140319s9999 xx 000 0 eng d
040 _aGCL /
_cGCL
082 0 4 _aCH
_b413
_bP C
100 1 _aHARPER SOLLINS
245 1 0 _aCOLBINS COFUILD YOUNG LEARNER,S DISTIONARY /
_cHARPER SOLLINS
260 _a[S.N] :
_bHARPER COLLINS COLLEGE PUBLISBERS
650 0 4 _aDICTIONARY
650 0 4 _aENGLISH
942 _2ddc
_cBK
999 _c11556
_d11556